all queen members ever - Statistics

General Stats
  • This quiz has been taken 5 times
  • The average score is 5 of 9
Answer Stats
Answer % Correct
brian may
100%
freddie mercury
100%
john deacon
100%
roger taylor
100%
adam lambert
60%
paul rodgers
60%
barry mitchell
0%
doug bogie
0%
mike grose
0%
No matching quizzes found
Score Distribution
Percent of People with Each Score
Percentile by Number Answered
Your Score History
You have not taken this quiz